| 000 | 00477nam a2200181Ia 4500 | ||
|---|---|---|---|
| 003 | GCL | ||
| 008 | 140319s9999 xx 000 0 ara d | ||
| 040 |
_aGCL / _cGCL |
||
| 082 | 0 | 4 |
_a922.1 _bم ح |
| 100 | 1 | _aمحمود شلبى | |
| 245 | 1 | 0 |
_aحياة مصعب بن عمير / _cمحمود شلبى |
| 260 |
_a[S.N] : _bدار الجيل ، _c1988 |
||
| 300 | _a216 ص | ||
| 490 | _a | ||
| 650 | 0 | 4 | _aالاسلام |
| 650 | 0 | 4 | _aمصعب بن عمير |
| 942 |
_2ddc _cBK |
||
| 999 |
_c53769 _d53769 |
||